| 000 | 00366nam a2200145Ia 4500 | ||
|---|---|---|---|
| 008 | 230917s9999||||xx |||||||||||||| ||und|| | ||
| 040 |
_e88408 _aMAIN |
||
| 041 | _aEnglish | ||
| 082 | _a301.412 R186P | ||
| 100 | _aRashtriya Mahila Aayog | ||
| 245 | 0 | _aPrayas ka ek dashak | |
| 260 |
_aNew Delhi _bRashtriya Mahila Ayog _c2000 |
||
| 300 | _avi, 247 p. | ||
| 942 | _cBK | ||
| 999 |
_c81671 _d81671 |
||